| 000 | 01101nam0a22002771 4500 | ||
|---|---|---|---|
| 001 | rc\4338291 | ||
| 005 | 20130416134106.5 | ||
| 021 |
_aRU _b[67-101090] |
||
| 035 | _a(NLR Aleph) 008522039 | ||
| 090 |
_a8234582 _c8234582 |
||
| 100 | _a20130416d1967 |||y0rusy50 ca | ||
| 101 | 0 | _arus | |
| 102 | _aRU | ||
| 105 | _aa z ||||| | ||
| 200 | 1 |
_aПособие по математике _eДля заоч. курсов по подготовке поступающих в вуз _fПод общ. ред. д-ра физ.-мат. наук Ф.А. Бахшияна _gМоск. ин-т инженеров геодезии, аэрофотосъемки и картографии |
|
| 210 |
_aМосква _cБ. и. _d1967 |
||
| 215 |
_a96 с. _cчерт. _d19 |
||
| 606 |
_aМатематика _2psbo |
||
| 700 | 1 |
_aЕгерев _bВ. К. _gВиктор Константинович |
|
| 701 | 1 |
_aЛебедев _bВ. П. _gВиктор Петрович |
|
| 702 | 1 |
_aБахшиян _bФ. А. _4340 |
|
| 801 | 0 |
_aRU _bNLR _gpsbo |
|
| 801 | 1 |
_aRU _bELAR _2rusmarc |
|
| 852 |
_aNLR _j68-4/103 |
||
| 942 | _cBOOK | ||
| 980 | _aNB | ||